000
00317nam a22001337a 4500
008
180306b xxu||||| |||| 00| 0 eng d
020
_a
9781257052554
041
_a
eng
080
_a
331
100
_a
58
101
_a
BIZ
245
_a
Business Transformation for the Printing Industry
_c
Foley, J
942
_2
udc
_c
BK
999
_c
44119
_d
44119